Loading...
| Mythology | 0 | 5 | 1 | 2 | 45 | 34 | 85.00 | 2 | 5 | 15.92 | 30.00 |
| Fine Arts - Painting and Sculpture | 0 | 4 | 0 | 0 | 40 | 71 | 98.00 | 2 | 3 | 8.71 | 27.50 |
| Fine Arts - Classical Music | 0 | 4 | 1 | 2 | 35 | 54 | 91.25 | 1 | 3 | 9.55 | 20.00 |
| Social Science | 0 | 3 | 0 | 1 | 30 | 80 | 88.33 | 0 | 3 | 5.56 | 17.50 |
| History - Other | 0 | 3 | 1 | 1 | 25 | 102 | 110.33 | 0 | 1 | 3.09 | 7.50 |
| Literature - World | 0 | 2 | 0 | 0 | 20 | 72 | 81.00 | 1 | 2 | 8.44 | 17.50 |
| Philosophy | 0 | 2 | 0 | 1 | 20 | 91 | 101.00 | 0 | 0 | 2.16 | 5.00 |
| History - World | 0 | 2 | 1 | 1 | 15 | 40 | 86.00 | 1 | 1 | 6.83 | 12.50 |
| Religion | 0 | 1 | 0 | 1 | 10 | 125 | 125.00 | 0 | 1 | 0.00 | 2.50 |
| Popular Culture | 0 | 1 | 0 | 0 | 10 | 135 | 135.00 | 0 | 0 | 0.72 | 8.33 |
| History - American | 0 | 1 | 1 | 0 | 5 | 106 | 106.00 | 0 | 1 | 1.52 | 2.50 |
| Fine Arts - Other | 0 | 1 | 3 | 0 | -5 | 84 | 84.00 | 1 | 1 | 3.23 | 10.00 |
| Geography | 0 | 0 | 1 | 0 | -5 | 0.00 | 0 | 0 | 0.00 | 0.00 |